Catálogo público

Guía para la asistencia técnica agrícola área de influencia del Campo Agrícola Experimental Chapingo (Record no. 60599)

MARC details
000 -CABECERA
campo de control de longitud fija 01309cam a22003497a 4500
003 - IDENTIFICADOR DEL NÚMERO DE CONTROL
campo de control CHAP
005 - FECHA Y HORA DE LA ÚLTIMA TRANSACCIÓN
campo de control 20220329140950.0
008 - DATOS DE LONGITUD FIJA--INFORMACIÓN GENERAL
campo de control de longitud fija 971013s1975 r 00010 d
010 ## - NÚMERO DE CONTROL DE LA BIBLIOTECA DEL CONGRESO
Número de control de LC 60599
011 ## - ENLACE DEL NUMERO DE CONTROL DE LA BIBLIOTECA DEL CONGRESO [OBSOLETO]
Número de control de LC 61571
035 ## - NÚMERO DE CONTROL DEL SISTEMA
Número de control de sistema 65737
040 ## - FUENTE DE LA CATALOGACIÓN
Centro/agencia transcriptor CHAP
082 ## - NÚMERO DE LA CLASIFICACIÓN DECIMAL DEWEY
Número de clasificación 630.72
Número de documento/Ítem I49ch
110 ## - ENTRADA PRINCIPAL--NOMBRE DE ENTIDAD CORPORATIVA
Nombre de entidad corporativa o nombre de jurisdicción como elemento de entrada INIA. México. Campo Agrícola Experimental Chapingo
9 (RLIN) 58479
245 #0 - MENCIÓN DE TÍTULO
Título Guía para la asistencia técnica agrícola área de influencia del Campo Agrícola Experimental Chapingo
260 ## - PUBLICACIÓN, DISTRIBUCIÓN, ETC.
Lugar de publicación, distribución, etc. Chapingo, México. INIA,
Fecha de publicación, distribución, etc. 1975
300 ## - DESCRIPCIÓN FÍSICA
Extensión 79 p.
Otras características físicas : ilus.
590 ## - NOTA LOCAL (RLIN)
Nota local BATCH-UPD
Procedencia (VM) [OBSOLETO] 10
Condición del los carretes individuales (VM) [OBSOLETO] 20130110
-- UCH01
-- 1016
590 ## - NOTA LOCAL (RLIN)
Nota local BATCH-UPD
Procedencia (VM) [OBSOLETO] 10
Condición del los carretes individuales (VM) [OBSOLETO] 20130410
-- UCH01
-- 0622
590 ## - NOTA LOCAL (RLIN)
Nota local BATCH-UPD
Procedencia (VM) [OBSOLETO] 10
Condición del los carretes individuales (VM) [OBSOLETO] 20130913
-- UCH01
-- 2105
590 ## - NOTA LOCAL (RLIN)
Nota local CONVERSION
Procedencia (VM) [OBSOLETO] 10
Condición del los carretes individuales (VM) [OBSOLETO] 20130109
-- UCH01
-- 1333
650 14 - PUNTO DE ACCESO ADICIONAL DE MATERIA--TÉRMINO DE MATERIA
Término de materia o nombre geográfico como elemento de entrada Agricultura
Subdivisión general Investigación
-- México.
9 (RLIN) 1643
650 14 - PUNTO DE ACCESO ADICIONAL DE MATERIA--TÉRMINO DE MATERIA
Término de materia o nombre geográfico como elemento de entrada Agricultura
Subdivisión geográfica Hidalgo.
9 (RLIN) 1928
650 14 - PUNTO DE ACCESO ADICIONAL DE MATERIA--TÉRMINO DE MATERIA
Término de materia o nombre geográfico como elemento de entrada Agricultura
Subdivisión geográfica Mexico (Edo.).
9 (RLIN) 1934
650 14 - PUNTO DE ACCESO ADICIONAL DE MATERIA--TÉRMINO DE MATERIA
Término de materia o nombre geográfico como elemento de entrada Agricultura
Subdivisión geográfica Tlaxcala.
9 (RLIN) 1939
901 ## - ELEMENTOS DE DATOS A LOCAL LDA (RLIN)
a BK
942 ## - ELEMENTOS DE PUNTO DE ACCESO ADICIONAL (KOHA)
Tipo de ítem Koha Libro
949 ## - PROCESAMIENTO DE INFORMACIÓN LOCAL (OCLC)
a 630.72 I49ch
b BC
c C
d -151144
e C
f c.2
h 37831
i 65737
s i
949 ## - PROCESAMIENTO DE INFORMACIÓN LOCAL (OCLC)
a 630.72 I49ch
b BC
c LIBRO
d 33724000560181
e LIBRO
f c.7
h 43786
i 65737
s i
949 ## - PROCESAMIENTO DE INFORMACIÓN LOCAL (OCLC)
a 630.72 I49ch
b BC
c LIBRO
d 33724000560223
e LIBRO
f c.4
h 37840
i 65737
s i
949 ## - PROCESAMIENTO DE INFORMACIÓN LOCAL (OCLC)
a 630.72 I49ch
b BC
c MUT
d -151141
e MUT
h 37830
i 65737
s i
Holdings
Estado de retiro Estado de pérdida Fuente del sistema de clasificación o colocación Estado dañado Restricciones de uso No para préstamo Código de colección Localización permanente Ubicación/localización actual Ubicación en estantería Fecha de adquisición Información codificada de la localización en otra ubicación Total de préstamos Signatura topográfica completa Código de barras Fecha visto por última vez Número de copia Precio válido a partir de Tipo de ítem Koha
    Dewey Decimal Classification   Préstamo interno   Consulta Biblioteca Central Biblioteca Central Planta alta - Coleción Consulta 31/12/2019 LIBRO   630.72 I49ch -151144 31/12/2019 c.2 31/12/2019 Libro
    Dewey Decimal Classification   Préstamo 15 días   General Biblioteca Central Biblioteca Central Planta principal - Colección General 31/12/2019 LIBRO   630.72 I49ch 33724000560181 31/12/2019 c.7 31/12/2019 Libro
    Dewey Decimal Classification   Préstamo 15 días   General Biblioteca Central Biblioteca Central Planta principal - Colección General 31/12/2019 LIBRO   630.72 I49ch 33724000560223 31/12/2019 c.4 31/12/2019 Libro
      Material dañado Préstamo 3 días   Material mutilado Biblioteca Central Biblioteca Central   31/12/2019 LIBRO   630.72 I49ch -151141 31/12/2019   31/12/2019 Libro